| 000 | 01098mam a2200337 a 4500 | ||
|---|---|---|---|
| 001 | 3432700 | ||
| 003 | NUST - PNEC | ||
| 005 | 20170116181118.0 | ||
| 008 | 021021r20032000enkb b 001 0 eng | ||
| 015 | _aGBA2-U1491 | ||
| 020 | _a1860648983 | ||
| 035 | _a(OCoLC)ocm50937669 | ||
| 035 | _a(NNC)3432700 | ||
| 040 |
_aUKM _cLIBRARY _dTKN _dC#P |
||
| 050 | 4 |
_aDS485.K25 _bS38 2003 |
|
| 082 | 0 | 4 |
_a954.6 SCH _221 |
| 100 | 1 | _aSchofield, Victoria. | |
| 245 | 1 | 0 |
_aKashmir in conflict : _bIndia, Pakistan and the unending war / _cVictoria Schofield. |
| 250 | _aNew ed. | ||
| 260 |
_aLondon ; _aNew York : _bI.B. Tauris, _c2003. |
||
| 300 |
_axvi, 297 p. : _bmaps ; _c24 cm. |
||
| 500 | _aOriginally published: 2000. | ||
| 504 | _aIncludes bibliographical references (p. 277-286) and index. | ||
| 650 | _xGeneral book | ||
| 651 | 0 |
_aIndia _xForeign relations _zPakistan. |
|
| 651 | 0 |
_aJammu and Kashmir (India) _xHistory _y19th century. |
|
| 651 | 0 |
_aJammu and Kashmir (India) _xHistory _y20th century. |
|
| 651 | 0 |
_aPakistan _xForeign relations _zIndia. |
|
| 942 |
_2ddc _cBK |
||
| 999 |
_c69424 _d69424 |
||